|
|
|
|
| LEADER |
00000nam a2200000 i 4500 |
| 001 |
DIGCAR0122 |
| 003 |
NyNyDIG |
| 006 |
m o d |
| 007 |
cr ||||||||||| |
| 008 |
210306s2016 sp o 000 f spa d |
| 035 |
|
|
|a (OCoLC)1244450450
|
| 040 |
|
|
|a DGITA
|b eng
|e rda
|e pn
|c DGITA
|
| 020 |
|
|
|z 9788416418992
|
| 020 |
|
|
|z 8416418993
|
| 050 |
1 |
4 |
|a PQ6702.E785 ebook
|
| 100 |
1 |
|
|a Bértolo, Ulises,
|d 1967-
|e author.
|
| 245 |
1 |
0 |
|a Orthodoxia :
|b cuando la muerte no es un número al azar : thriller histórico /
|c Ulises Bértolo.
|
| 264 |
|
1 |
|a Barcelona :
|b Ediciones Carena,
|c [2016]
|
| 300 |
|
|
|a 1 online resource.
|
| 336 |
|
|
|a text
|b txt
|2 rdacontent
|
| 337 |
|
|
|a computer
|b c
|2 rdamedia
|
| 338 |
|
|
|a online resource
|b cr
|2 rdacarrier
|
| 347 |
|
|
|a text file
|2 rdaft
|
| 347 |
|
|
|b PDF
|
| 490 |
1 |
|
|a Novela negra ;
|v 258
|
| 588 |
0 |
|
|a Online resource; title from PDF title page (Digitalia, viewed March 8, 2021)
|
| 655 |
|
7 |
|a Thrillers (Fiction)
|2 lcgft
|
| 655 |
|
7 |
|a Noir fiction.
|2 lcgft
|
| 655 |
|
7 |
|a Historical fiction.
|2 lcgft
|
| 655 |
|
0 |
|a Electronic books.
|
| 791 |
2 |
|
|a Digitalia (Firm),
|e distributor.
|
| 793 |
0 |
|
|g Digitalia eBook Collection:
|a Ediciones Carena
|
| 776 |
0 |
8 |
|i Print version:
|a Bértolo, Ulises, 1967-
|t Orthodoxia.
|b Primera edición.
|d Barcelona : Ediciones Carena, 2016
|z 9788416418992
|w (DLC) 2016495898
|w (OCoLC)1021853602
|
| 830 |
|
0 |
|a Narrativa (Editorial Carena) ;
|v 258.
|
| 856 |
4 |
0 |
|3 Digitalia Hispánica
|u https://www.digitaliapublishing.com/a/50655/
|
| 910 |
|
|
|a Premium collection: 2021
|